000 00636nam a2200193 4500
001 121277
003 ES-MaACL
005 20230906191726.0
007 t|
008 070214s1943 sp r ||||1| spa d
100 1 _aPrien, Günther.
_993866
245 1 3 _aEl camino de Scapa-Flow
_b: (traducción directa del alemán) /
_cGünther Prien ; adaptación y prólogo de Fernando P. de Cambra.
250 _a2ª ed.
260 _aMadrid :
_bEditora Nacional,
_c1943.
300 _a280 p., 8 lám. ;
_c23 cm.
700 1 _aCambra, Fernando P. de.
_934039
852 _aES-MaACL
_jF-12590
_bR.20581
852 _aES-MaACL
_jC-4128
_bR.23296
999 _c121277
_d121277